|
|
|
|
| LEADER |
01814nam a2200469 a 4500 |
| 001 |
nkc20071717682 |
| 003 |
CZ PrNK |
| 005 |
20120828144936.0 |
| 007 |
ta |
| 008 |
070426s2007 xr ab e p 000 0 cze |
| 015 |
|
|
|a cnb001717682
|
| 020 |
|
|
|a 978-80-87553-63-3
|q (v knize neuvedeno :
|q brož.)
|z 978-80-86307-00-8
|
| 035 |
|
|
|a (OCoLC)186973374
|
| 040 |
|
|
|a OLA001
|b cze
|
| 043 |
|
|
|a e------
|
| 072 |
|
7 |
|a 913(4)
|x Geografie Evropy, reálie, cestování
|2 Konspekt
|9 7
|
| 072 |
|
7 |
|a 37.016
|x Učební osnovy. Vyučovací předměty. Učebnice
|2 Konspekt
|9 22
|
| 080 |
|
|
|a 913(4)
|2 MRF
|
| 080 |
|
|
|a 908(4)
|2 MRF
|
| 080 |
|
|
|a (075.2)
|2 MRF
|
| 080 |
|
|
|a (075.3)
|2 MRF
|
| 100 |
1 |
|
|a Machalová, Petra
|7 ola2007364815
|4 aut
|
| 245 |
1 |
0 |
|a Státy Evropské unie :
|b pro 2. stupeň ZŠ a víceletá gymnázia /
|c [Petra Machalová, Jiří Martínek]
|
| 260 |
|
|
|a Praha :
|b Josef Raabe,
|c c2007
|
| 300 |
|
|
|a 60 s. :
|b il., mapy ;
|c 30 cm
|
| 490 |
1 |
|
|a Nahlížet - nacházet
|
| 500 |
|
|
|a Název z obálky
|
| 650 |
0 |
7 |
|a regionální geografie
|7 ph116030
|z země Evropské unie
|2 czenas
|
| 650 |
0 |
9 |
|a regional geography
|z European Union countries
|2 eczenas
|
| 655 |
|
7 |
|a učebnice základních škol
|7 fd133773
|2 czenas
|
| 655 |
|
7 |
|a učebnice středních škol
|7 fd133771
|2 czenas
|
| 655 |
|
9 |
|a textbooks (elementary)
|2 eczenas
|
| 655 |
|
9 |
|a textbooks (secondary)
|2 eczenas
|
| 651 |
|
7 |
|a země Evropské unie
|7 ge131521
|x vlastivěda
|2 czenas
|
| 651 |
|
9 |
|a European Union countries
|x history and geography
|2 eczenas
|
| 700 |
1 |
|
|a Martínek, Jiří,
|d 1976-
|7 ola2003201151
|4 aut
|
| 830 |
|
0 |
|a Nahlížet - nacházet
|0 s
|
| 910 |
2 |
|
|a BOA001
|b 4-1186.741
|
| 990 |
|
|
|a BK
|
| 995 |
|
|
|a 01
|
| 991 |
|
|
|b 200706
|c NOV
|
| 996 |
6 |
|
|b 2610311787
|c 4-1186.741
|l MZK
|r Sklad / do 1 hodiny
|n 0
|p p.v.
|w 000851009
|u 000010
|a 1
|e BOA001
|j MZK50
|s P
|